| 000 | 00887nam a2200241Ia 4500 | ||
|---|---|---|---|
| 008 | 130821s2008 xxuab gr fre | ||
| 020 | _a9782759201655 | ||
| 040 |
_aCo-BoUCM _bspa |
||
| 041 | 0 | 0 | _afre |
| 100 | 1 |
_aDominique Vollet, Farid Hadjab _9165859 |
|
| 245 | 1 | 0 |
_aManuel de l'évaluation des politiques publiques _cFarid Hadjab Dominique Vollet |
| 260 |
_aVersailles (Kentucky, Estados Unidos) _bEdiciones Qu _c2008 |
||
| 300 |
_a63 páginas _bcuadros, gráficos, mapas (algunas en color) |
||
| 490 | 0 | _aCollection Guide pratique | |
| 504 | _aIncluye bibliografía e índice general. | ||
| 650 | 0 | 4 |
_aAcción pública _98351 |
| 650 | 0 | 4 |
_aCiencia política _9340 |
| 650 | 0 | 4 |
_aDesarrollo político _912983 |
| 650 | 0 | 4 |
_aPolítica pública _922011 |
| 650 | 0 | 4 |
_aTeoría política _925330 |
| 942 |
_cLIBRO _a6 _e1 _mD671m _2DEWEY _h320.6 |
||
| 999 |
_c63678 _d63678 |
||